Prepare for a flood and get help during and after. (Record no. 84792)

MARC details
000 -LEADER
fixed length control field 00751cad a22002055a 4500
001 - CONTROL NUMBER
control field L159076
008 - FIXED-LENGTH DATA ELEMENTS--GENERAL INFORMATION
fixed length control field 160112e2016 xxk 000 0 eng d
035 ## - SYSTEM CONTROL NUMBER
System control number (Sirsi) u159076
041 0# - LANGUAGE CODE
Language code of text/sound track or separate title eng
110 2# - MAIN ENTRY--CORPORATE NAME
Corporate name or jurisdiction name as entry element United Kingdom
Subordinate unit Environment Agency
9 (RLIN) 5159
245 00 - TITLE STATEMENT
Title Prepare for a flood and get help during and after.
260 ## - PUBLICATION, DISTRIBUTION, ETC.
Date of publication, distribution, etc. 2016
520 ## - SUMMARY, ETC.
Summary, etc. Updated portal for advice on flood prevention measures including planning for a flood, improving flood protection and information on insurance.
590 ## - LOCAL NOTE (RLIN)
Local note KA
651 #4 - SUBJECT ADDED ENTRY--GEOGRAPHIC NAME
Geographic name United Kingdom
690 ## - LOCAL SUBJECT ADDED ENTRY--TOPICAL TERM (OCLC, RLIN)
Topical term or geographic name as entry element Infrastructure
9 (RLIN) 6246
690 ## - LOCAL SUBJECT ADDED ENTRY--TOPICAL TERM (OCLC, RLIN)
Topical term or geographic name as entry element Environment
9 (RLIN) 6238
856 40 - ELECTRONIC LOCATION AND ACCESS
Uniform Resource Identifier <a href="https://www.gov.uk/prepare-for-a-flood/find-out-if-youre-at-risk">https://www.gov.uk/prepare-for-a-flood/find-out-if-youre-at-risk</a>
Public note View the portal free of charge at www.gov.uk
942 ## - ADDED ENTRY ELEMENTS (KOHA)
Suppress in OPAC 0
Holdings
Withdrawn status Lost status Source of classification or shelving scheme Damaged status Not for loan Home library Current library Shelving location Date acquired Total Checkouts Full call number Barcode Date last seen Copy number Price effective from Koha item type
    Dewey Decimal Classification     Virtual Virtual Online 12/01/2016   ONLINE PUBLICATION 159076-2001 06/08/2019 1 06/08/2019 Online material